Loading...

The Cambridge companion to Chomsky

Bibliographic Details
Main Author: James McGilving (ed.)
Format: Printed Book
Published: Cambridge Cambridge University Press 2005
Subjects:
LEADER 00662nam a22001931a 4500
020 |a 9780521784313  |c 0.00 
040 |a SSUS - Library - Kalady 
082 |a 410.92  |b JAM/C 
100 |a James McGilving (ed.) 
245 |a The Cambridge companion to Chomsky  |h [Text] 
260 |a Cambridge  |b Cambridge University Press  |c 2005 
300 |a 335p. 
600 |a Noam Chomsky  
600 |a Language 
600 |a Linguistics 
852 |h 410.92  |i JAM/C  |p 055047  |9 1250.58  |t 0 
942 |c BK 
999 |c 6467  |d 6467 
952 |0 0  |1 0  |4 0  |6 410_920000000000000_JAM_C  |7 0  |9 9861  |a SSUS  |b SSUS  |c STACKS  |d 2015-01-08  |g 1250.58  |l 4  |o 410.92 JAM/C  |p 055047  |r 2019-03-01  |s 2019-02-23  |v 0.00  |w 2015-01-08  |y BK